000 00431nam a2200169Ia 4500
008 230524s9999 xx 000 0 und d
020 _a8120327551
082 _a621.382
_bHAR
100 _aJames H.Harter
_96438
245 0 _aElectromechanics Principles Concepts and Devices
250 _a2ND
260 _aNEW DELHI
_bPHI
_c2005
300 _aXXXVII;641
500 _aQuantity Number: 1
650 _aElectronics
942 _cBK
999 _c8981
_d8981